[Event "SLO-ch U10"]
[Site "Ptuj"]
[Date "2017.03.03"]
[Round "9"]
[White "Puz, Jernej"]
[Black "Cimperman, Teo"]
[Result "0-1"]
[WhiteElo "1747"]
[BlackElo "1762"]
[PlyCount "96"]
[EventDate "2017.02.27"]
[EventType "swiss"]
[EventRounds "9"]
[EventCountry "SLO"]
[SourceTitle "CBM 177 Extra"]
[Source "ChessBase"]
[SourceDate "2017.04.27"]
[SourceVersion "1"]
[SourceVersionDate "2017.04.27"]
[SourceQuality "1"]

1. e4 e5 2. Nf3 Nc6 3. Bc4 Bc5 4. c3 Nf6 5. d3 d6 6. Bb3 Be6 7. Bc2 0-0 8. 0-0 Qd7 9. Nbd2 Rad8 10. Re1 Ne7 11. Nf1 Ng6 12. Ng3 Rfe8 13. d4 exd4 14. cxd4 Bb4 15. Re2 Bg4 16. h3 Bxf3 17. gxf3 Qxh3 18. Qf1 Qxf1+ 19. Kxf1 c5 20. a3 Ba5 21. b4 cxb4 22. axb4 Bxb4 23. Rxa7 Bc3 24. Nf5 Ra8 25. Ra4 Rxa4 26. Bxa4 Ra8 27. Rc2 Bxd4 28. Nxd4 Rxa4 29. Rc8+ Nf8 30. Nf5 g6 31. Bh6 N6d7 32. Rd8 gxf5 33. Bxf8 Nxf8 34. exf5 Rf4 35. Rxd6 Rxf5 36. Rd3 Kg7 37. Kg2 Rb5 38. Rd4 Ne6 39. Rg4+ Rg5 40. Rxg5+ Nxg5 41. f4 Ne4 42. Kf3 Nd6 43. Ke3 b5 44. Kd4 Kf6 45. Kc5 Kf5 46. Kb4 Kxf4 47. Kc5 h5 48. Kxd6 h4 0-1

[Event "SLO-ch U10"]
[Site "Ptuj"]
[Date "2017.03.01"]
[Round "5"]
[White "Puz, Jernej"]
[Black "Perme, Martin"]
[Result "1/2-1/2"]
[WhiteElo "1747"]
[BlackElo "1169"]
[PlyCount "60"]
[EventDate "2017.02.27"]
[EventType "swiss"]
[EventRounds "9"]
[EventCountry "SLO"]
[SourceTitle "CBM 177 Extra"]
[Source "ChessBase"]
[SourceDate "2017.04.27"]
[SourceVersion "1"]
[SourceVersionDate "2017.04.27"]
[SourceQuality "1"]

1. e4 e5 2. Nf3 Nc6 3. Bc4 Bc5 4. c3 h6 5. d3 Nf6 6. Bb3 0-0 7. 0-0 d6 8. Nbd2 Nh7 9. Re1 Qf6 10. Nf1 Kh8 11. Ng3 Qe7 12. d4 exd4 13. cxd4 Bb4 14. Re2 Bg4 15. h3 Bxf3 16. gxf3 Qd7 17. Kg2 Rae8 18. a3 Ba5 19. d5 Nb8 20. Qd4 Bb6 21. Qc3 f6 22. Qc4 Rf7 23. Ba4 c6 24. Bf4 Ng5 25. Bxg5 fxg5 26. Qd3 Rf4 27. Nf5 g6 28. Qc3+ Kh7 29. Ng3 Rh4 30. Rh1 Rf4 1/2-1/2

[Event "SLO-ch U10"]
[Site "Ptuj"]
[Date "2017.03.01"]
[Round "6"]
[White "Zlicar, Jure"]
[Black "Puz, Jernej"]
[Result "1/2-1/2"]
[WhiteElo "1173"]
[BlackElo "1747"]
[PlyCount "95"]
[EventDate "2017.02.27"]
[EventType "swiss"]
[EventRounds "9"]
[EventCountry "SLO"]
[SourceTitle "CBM 177 Extra"]
[Source "ChessBase"]
[SourceDate "2017.04.27"]
[SourceVersion "1"]
[SourceVersionDate "2017.04.27"]
[SourceQuality "1"]

1. e4 e5 2. Nf3 Nc6 3. Bc4 Nf6 4. Ng5 d5 5. exd5 Na5 6. Bb5+ c6 7. dxc6 bxc6 8. Ba4 h6 9. Nf3 e4 10. Ng1 Bd6 11. h3 0-0 12. Ne2 Nc4 13. 0-0 Re8 14. Bxc6 Bd7 15. Bxa8 Qxa8 16. d3 exd3 17. Qxd3 Qc6 18. Nd4 Qc5 19. Be3 Nxb2 20. Nb3 Qe5 21. f4 Qh5 22. Qd2 Nc4 23. Qf2 Rxe3 24. N1d2 Rc3 25. Qxa7 Nxd2 26. Qa8+ Rc8 27. Qa6 Nxf1 28. Rxf1 Be7 29. a4 Rxc2 30. Rf2 Rxf2 31. Kxf2 Ne4+ 32. Ke3 Nc3 33. a5 Qd5 34. Qb6 Qe6+ 35. Qxe6 Bxe6 36. Nd4 Bc8 37. Nc6 Bc5+ 38. Kd3 Nb5 39. Kc4 Na7 40. Kxc5 Nxc6 41. Kxc6 Ba6 42. g3 Kh7 43. Kb6 Be2 44. Kc5 Kg6 45. Kd4 f5 46. Ke5 h5 47. h4 Ba6 48. Ke6 1/2-1/2

[Event "SLO-ch U10"]
[Site "Ptuj"]
[Date "2017.02.28"]
[Round "3"]
[White "Jelen, Luka"]
[Black "Puz, Jernej"]
[Result "0-1"]
[WhiteElo "1686"]
[BlackElo "1747"]
[PlyCount "102"]
[EventDate "2017.02.27"]
[EventType "swiss"]
[EventRounds "9"]
[EventCountry "SLO"]
[SourceTitle "CBM 177 Extra"]
[Source "ChessBase"]
[SourceDate "2017.04.27"]
[SourceVersion "1"]
[SourceVersionDate "2017.04.27"]
[SourceQuality "1"]

1. e4 e5 2. Nf3 Nc6 3. Nc3 Nf6 4. d4 exd4 5. Nxd4 Bb4 6. Nxc6 bxc6 7. Bd3 0-0 8. Bd2 Bc5 9. 0-0 d5 10. e5 Ng4 11. Be1 Nxe5 12. Qh5 Nxd3 13. cxd3 Qe7 14. Bd2 d4 15. Na4 Bd6 16. Rfe1 Qf6 17. Rac1 Ba6 18. Rxc6 Bxh2+ 19. Qxh2 Qxc6 20. b3 Bxd3 21. Bb4 Rfe8 22. Nb2 Rxe1+ 23. Bxe1 Qc2 24. Nxd3 Qxd3 25. Qxc7 Qd1 26. Kf1 Re8 27. Qa5 d3 28. g3 d2 29. Qxd2 Qxd2 30. Bxd2 Re6 31. Be3 Ra6 32. a4 Rc6 33. Bxa7 Rc1+ 34. Kg2 Rb1 35. a5 Rxb3 36. Bb6 Ra3 37. g4 f6 38. f3 g5 39. Bd8 Kf7 40. Bb6 Ke6 41. Kg3 f5 42. gxf5+ Kxf5 43. Kg2 g4 44. fxg4+ Kxg4 45. Kf2 h5 46. Ke2 h4 47. Kd2 h3 48. Bc7 Kf3 49. Kc2 Rxa5 50. Kc3 Rc5+ 51. Kd4 Rxc7 0-1

[Event "SLO-ch U10"]
[Site "Ptuj"]
[Date "2017.02.28"]
[Round "4"]
[White "Puz, Jernej"]
[Black "Kitak, Luka"]
[Result "1-0"]
[WhiteElo "1747"]
[BlackElo "1621"]
[PlyCount "105"]
[EventDate "2017.02.27"]
[EventType "swiss"]
[EventRounds "9"]
[EventCountry "SLO"]
[SourceTitle "CBM 177 Extra"]
[Source "ChessBase"]
[SourceDate "2017.04.27"]
[SourceVersion "1"]
[SourceVersionDate "2017.04.27"]
[SourceQuality "1"]

1. e4 e5 2. Nf3 Nc6 3. Bc4 Nf6 4. d3 Bc5 5. c3 0-0 6. Bb3 d6 7. Nbd2 b6 8. 0-0 Ba6 9. Bc2 Nh5 10. Re1 Nf4 11. Nf1 Qf6 12. Ng3 h6 13. d4 exd4 14. cxd4 Nxd4 15. Nxd4 Bxd4 16. Bxf4 Qxf4 17. Qxd4 c5 18. Qe3 Qe5 19. Nf5 Qxb2 20. Qg3 Rac8 21. e5 g6 22. Nxh6+ Kg7 23. Nf5+ Kg8 24. Bb3 c4 25. Ne7+ Kg7 26. Nxc8 Rxc8 27. Ba4 b5 28. Rab1 Qd2 29. Red1 Qe2 30. Re1 Qd2 31. Qe3 Qd5 32. Bc2 Qc6 33. Rbd1 Bb7 34. f3 Qc7 35. Rxd6 Rd8 36. Rxd8 Qxd8 37. Qxa7 Bxf3 38. gxf3 Qh4 39. Re4 Qg5+ 40. Kf2 Qd2+ 41. Re2 Qg5 42. e6 Qh4+ 43. Ke3 Qg5+ 44. f4 Qg1+ 45. Rf2 Qe1+ 46. Kf3 Qh1+ 47. Ke3 Qe1+ 48. Re2 Qg1+ 49. Rf2 Qe1+ 50. Kf3 Qh1+ 51. Ke2 Kh7 52. Qxf7+ Kh6 53. Qxg6# 1-0